[Event "AUTO-OPEN-2103"]
[Site "http://www.queenalice.com/game.php?id=833200"]
[Date "2010.9.15"]
[Round "1"]
[White "castropereira"]
[Black "tony143"]
[Result "0-1"]
[WhiteElo "1031"]
[BlackElo "1358"]

1. h4 e5 2. g4 Nh6 3. Nc3 Qf6 4. Nd5 Qc6 5. Ne3 Qxh1 6. Nc4 Qxg1 7. g5 Ng4 8. e3
Nxf2 9. Nxe5 Nxd1 10. Kxd1 Qxf1# 0-1

[Event "AUTO-OPEN-2103"]
[Site "http://www.queenalice.com/game.php?id=833201"]
[Date "2010.9.15"]
[Round "1"]
[White "tony143"]
[Black "castropereira"]
[Result "1-0"]
[WhiteElo "1407"]
[BlackElo "1213"]

1. e4 d6 2. Nh3 Qd7 3. Qf3 Nc6 4. Bc4 Nd4 5. Qxf7+ Kd8 6. Qxf8+ Qe8 7. Qxe8+
Kxe8 8. O-O Nxc2 9. a4 Nxa1 10. d4 Nf6 11. b4 Nxe4 12. f3 Nf6 13. Rf2 d5 14.
Bb5+ Kd8 15. a5 a6 16. Ba4 b5 17. Bd1 Rg8 18. Bb2 Nb3 19. Bxb3 h6 20. Nf4 h5 21.
Ng6 Bf5 22. Ne5 Ne8 23. Nc6+ Kc8 24. Nxe7+ Kd7 25. Nxg8 Kd6 26. Nc3 Kd7 27. Bxd5
Nd6 28. Re2 Rxg8 29. Bxg8 Bd3 30. Re5 Nc4 31. g4 Be2 32. Rxe2 c6 33. gxh5 Kd6
34. d5 Kd7 35. Bc1 cxd5 36. Nxd5 Kd6 37. Bg5 Kc6 38. Rc2 g6 39. h6 Kd6 40. Be7+
Kd7 41. Bf7 Kc6 42. h7 Kd7 43. h8=Q Kc6 44. Qc8# 1-0

[Event "AUTO-OPEN-2103"]
[Site "http://www.queenalice.com/game.php?id=833214"]
[Date "2010.9.15"]
[Round "1"]
[White "danbotoy"]
[Black "tony143"]
[Result "1-0"]
[WhiteElo "1703"]
[BlackElo "1412"]

1. e4 e5 2. Nf3 f6 3. d4 exd4 4. Nxd4 d6 5. Nc3 a6 6. Bc4 c5 7. Ne6 Bxe6 8. Bxe6
Ne7 9. O-O Nbc6 10. Be3 h5 11. Re1 g5 12. Re2 b5 13. Rd2 b4 14. Rxd6 Qb6 15. e5
bxc3 16. exf6 Nc8 17. f7+ Ke7 18. Bxg5# 1-0

[Event "AUTO-OPEN-2103"]
[Site "http://www.queenalice.com/game.php?id=833215"]
[Date "2010.9.15"]
[Round "1"]
[White "tony143"]
[Black "danbotoy"]
[Result "0-1"]
[WhiteElo "1361"]
[BlackElo "1589"]

1. e4 c5 2. Nh3 d5 3. exd5 Bxh3 4. gxh3 Qxd5 5. Bb5+ Nc6 6. c4 Qxh1+ 7. Ke2 Qg2
8. h4 Nf6 9. d3 Ng4 10. a3 Qxf2# 0-1

[Event "AUTO-INT-1819"]
[Site "http://www.queenalice.com/game.php?id=833247"]
[Date "2010.9.15"]
[Round "1"]
[White "dmdagnone"]
[Black "tony143"]
[Result "1-0"]
[WhiteElo "1646"]
[BlackElo "1459"]

1. Nf3 g6 2. e4 b6 3. Bc4 e6 4. d4 Bb4+ 5. Nc3 d5 6. Bb5+ c6 7. Ba4 b5 8. Bb3 a5
9. a4 Nf6 10. Bg5 h6 11. Be3 c5 12. dxc5 dxe4 13. Qxd8+ Kxd8 14. axb5 Nd5 15.
O-O-O exf3 16. Nxd5 exd5 17. Bxd5 Ra7 18. c6 Ke7 19. Bxa7 fxg2 20. Bxg2 Bg4 21.
Rd4 Nxc6 22. Bxc6 f5 23. b6 Rd8 24. c3 Bc5 25. Rd2 h5 26. Re1+ Kf7 27. Rxd8 g5
28. b7 Bxa7 29. Ra8 Bxf2 30. b8=Q f4 31. Qf8+ Kg6 32. Be4+ 1-0

[Event "AUTO-INT-1819"]
[Site "http://www.queenalice.com/game.php?id=833248"]
[Date "2010.9.15"]
[Round "1"]
[White "tony143"]
[Black "dmdagnone"]
[Result "0-1"]
[WhiteElo "1417"]
[BlackElo "1555"]

1. b3 e5 2. g3 d5 3. Bg2 Be6 4. Bb2 Nc6 5. e3 Bb4 6. a3 Bd6 7. h3 Nf6 8. d4 e4
9. Nc3 O-O 10. Nb5 a6 11. Nxd6 cxd6 12. a4 Rc8 13. c4 dxc4 14. bxc4 Bxc4 15. f4
exf3 16. Bxf3 Qe7 17. Qd2 Ne4 18. Qc2 Nxg3 19. Rh2 Qxe3+ 20. Ne2 Nb4 21. Qd2
Nd3+ 22. Qxd3 Bxd3 23. Bxb7 Rc2 24. Bc3 Nxe2 25. Rd1 Qg1# 0-1

[Event "AUTO-INT-1819"]
[Site "http://www.queenalice.com/game.php?id=833261"]
[Date "2010.9.15"]
[Round "1"]
[White "tony143"]
[Black "juim"]
[Result "0-1"]
[WhiteElo "1450"]
[BlackElo "1779"]

1. b3 e5 2. g3 d5 3. Bb2 Nc6 4. Bg2 e4 5. Nh3 Bg4 6. O-O a5 7. Nf4 Qd7 8. a4 Bd6
9. Bxg7 Bxf4 10. gxf4 O-O-O 11. Bxh8 f6 12. h3 Bf5 13. c4 d4 14. d3 exd3 15.
exd3 Bxh3 16. Bxh3 f5 17. Qh5 Rf8 18. Nd2 Nb4 19. c5 Kb8 20. Nc4 Nxd3 21. Nxa5
Nxf4 22. Qf3 Nxh3+ 23. Qxh3 Nf6 24. Qg2 c6 25. Bxf6 Rxf6 26. Qg8+ Ka7 27. Rad1
Rg6+ 28. Qxg6 hxg6 29. Nc4 Qd5 30. a5 f4 31. Rfe1 Qxc5 32. Ra1 d3 33. Re8 f3 34.
Rd1 Qg5+ 35. Kf1 Qd5 36. Rg8 Qxg8 37. Rxd3 Qf8 38. Rd7 Qb4 39. Nd6 Qc3 40. Nxb7
Qc1+ 0-1

[Event "AUTO-INT-1819"]
[Site "http://www.queenalice.com/game.php?id=833262"]
[Date "2010.9.15"]
[Round "1"]
[White "juim"]
[Black "tony143"]
[Result "1-0"]
[WhiteElo "1644"]
[BlackElo "1427"]

1. e4 e5 2. d4 exd4 3. Qxd4 b6 4. Bc4 c5 5. Qd5 Qe7 6. Qxa8 Qxe4+ 7. Qxe4+ Kd8
8. Bxf7 h5 9. Qe8+ Kc7 10. Bd5 Bd6 11. Nf3 a5 12. Bg5 Nc6 13. Bxc6 Kxc6 14.
Qxc8+ Kd5 15. O-O Ke6 16. Nc3 g6 17. Rfe1+ Kf5 18. Qxd7# 1-0

[Event "AUTO-INT-1819"]
[Site "http://www.queenalice.com/game.php?id=833263"]
[Date "2010.9.15"]
[Round "1"]
[White "tony143"]
[Black "nuage"]
[Result "0-1"]
[WhiteElo "1420"]
[BlackElo "1754"]

1. b3 e5 2. g3 d5 3. Bg2 g6 4. Bb2 Bg7 5. e3 Ne7 6. d4 e4 7. Ne2 O-O 8. O-O Bg4
9. c4 c6 10. Bc3 Nf5 11. h3 Bxe2 12. Qxe2 Nd7 13. h4 h5 14. Bb4 Re8 15. a4 Nf6
16. a5 b6 17. c5 b5 18. Nc3 Qc7 19. a6 Bh6 20. Qa2 Nxg3 21. fxg3 Bxe3+ 22. Kh2
Ng4+ 23. Kh1 Qxg3 0-1

[Event "AUTO-INT-1819"]
[Site "http://www.queenalice.com/game.php?id=833264"]
[Date "2010.9.15"]
[Round "1"]
[White "nuage"]
[Black "tony143"]
[Result "1-0"]
[WhiteElo "1724"]
[BlackElo "1433"]

1. e4 e5 2. Nf3 f6 3. Bc4 d6 4. O-O c5 5. Qe2 h6 6. Bb5+ Nd7 7. Nc3 a6 8. Bc4 b5
9. Bd5 Ra7 10. Nh4 c4 11. Ng6 Rh7 12. Bxg8 b4 13. Qh5 Qc7 14. Bxh7 bxc3 15.
Nxe5+ Kd8 16. Nf7+ Ke8 17. Nxd6+ Ke7 18. Nf5+ Ke6 19. Nd4+ Ke7 20. Nf5+ Ke6 21.
Qe8+ Be7 22. Qxe7# 1-0

[Event "AUTO-OPEN-2148"]
[Site "http://www.queenalice.com/game.php?id=852281"]
[Date "2010.10.30"]
[Round "1"]
[White "tony143"]
[Black "msbasso01"]
[Result "0-1"]
[WhiteElo "1445"]
[BlackElo "1980"]

1. e4 c6 2. Qf3 d5 3. exd5 cxd5 4. Nh3 Nf6 5. g4 Bxg4 6. Qb3 Qc7 7. d4 e6 8.
Bb5+ Nc6 9. Bxc6+ Qxc6 10. Bg5 Be7 11. Nf4 Bf5 12. Na3 h6 13. Bxf6 Bxf6 14.
O-O-O Bg5 15. Rhg1 Bxf4+ 16. Kb1 Bg5 17. Rxg5 hxg5 18. f3 Rxh2 19. Qb5 Bxc2+ 20.
Kc1 Bxd1+ 21. Kxd1 Rc8 22. Qxc6+ Rxc6 23. Nb1 Rh1+ 24. Kd2 Rxb1 25. b3 Rb2+ 26.
Kd3 Rxa2 27. b4 Rcc2 28. b5 a6 29. bxa6 bxa6 0-1

[Event "AUTO-OPEN-2148"]
[Site "http://www.queenalice.com/game.php?id=852282"]
[Date "2010.10.30"]
[Round "1"]
[White "msbasso01"]
[Black "tony143"]
[Result "1-0"]
[WhiteElo "2065"]
[BlackElo "1447"]

1. e4 e5 2. Nf3 d6 3. Bc4 Nh6 4. d4 exd4 5. Bxh6 gxh6 6. Qxd4 Bg4 7. Qxh8 Bxf3
8. gxf3 Qe7 9. Nd2 f6 10. Qg8 Qg7 11. Qe6+ Be7 12. O-O-O Nc6 13. Bb5 a6 14. Rhg1
Qf8 15. Rg8 axb5 16. Rxf8+ Kxf8 17. Rg1 1-0

[Event "AUTO-OPEN-2148"]
[Site "http://www.queenalice.com/game.php?id=852283"]
[Date "2010.10.30"]
[Round "1"]
[White "tony143"]
[Black "patropi"]
[Result "0-1"]
[WhiteElo "1432"]
[BlackElo "1401"]

1. e4 c5 2. Qf3 c4 3. Bxc4 Nf6 4. Qb3 e6 5. Nc3 a6 6. Nf3 b5 7. Nxb5 axb5 8.
Bxb5 Nxe4 9. d3 Qa5+ 10. Nd2 Nc5 11. Qc4 Bb7 12. b4 Bd5 13. bxa5 Bxc4 14. Nxc4
g6 15. O-O Bg7 16. Nd6+ Ke7 17. Nc4 d5 18. Na3 Bxa1 19. Bg5+ f6 20. Rxa1 fxg5
0-1

[Event "AUTO-OPEN-2148"]
[Site "http://www.queenalice.com/game.php?id=852284"]
[Date "2010.10.30"]
[Round "1"]
[White "patropi"]
[Black "tony143"]
[Result "1-0"]
[WhiteElo "1418"]
[BlackElo "1415"]

1. e4 e5 2. f4 exf4 3. d4 Qf6 4. e5 Qf5 5. Bd3 Qg5 6. Qe2 Bb4+ 7. c3 Be7 8. Nf3
d6 9. Nxg5 dxe5 10. Qxe5 f3 11. Nxf3 Nc6 12. Qxg7 Bf6 13. Qg3 Bd7 14. O-O O-O-O
15. Re1 h5 16. c4 Nxd4 17. Nxd4 Bxd4+ 18. Be3 Bxb2 19. Bd4 Bxd4+ 20. Kf1 1-0

[Event "AUTO-OPEN-2148"]
[Site "http://www.queenalice.com/game.php?id=852286"]
[Date "2010.10.30"]
[Round "1"]
[White "saturnin"]
[Black "tony143"]
[Result "1-0"]
[WhiteElo "1541"]
[BlackElo "1485"]

1. b4 Nc6 2. c3 Nh6 3. g3 e5 4. e4 Qf6 5. Bg2 Ng4 6. Nf3 g5 7. d3 a5 8. b5 Nd8
9. h3 h5 10. hxg4 hxg4 11. Bxg5 Qb6 12. c4 gxf3 13. Qxf3 Bb4+ 14. Nd2 Bc3 15.
Rxh8# 1-0

[Event "AUTO-INT-1857"]
[Site "http://www.queenalice.com/game.php?id=852349"]
[Date "2010.10.30"]
[Round "1"]
[White "volga1"]
[Black "tony143"]
[Result "1-0"]
[WhiteElo "1569"]
[BlackElo "1471"]

1. e4 e5 2. Nf3 Qf6 3. d4 exd4 4. Bg5 Qe6 5. Qxd4 f5 6. Nc3 fxe4 7. Qxe4 Qxe4+
8. Nxe4 d6 9. Bc4 h6 10. Bh4 g5 11. Bg3 Bg7 12. O-O-O Nf6 13. Nxf6+ Bxf6 14.
Rhe1+ Be5 15. Bxe5 dxe5 16. Rxe5+ Kf8 17. Rd8+ Kg7 18. Re7+ Kg6 19. Rxh8 Kf6 20.
Rf7+ Kg6 21. Rg8+ Kh5 22. h3 Bg4 23. hxg4+ Kxg4 24. Be6+ Kh5 25. Rff8 c5 26. g4#
1-0

[Event "AUTO-INT-1857"]
[Site "http://www.queenalice.com/game.php?id=852350"]
[Date "2010.10.30"]
[Round "1"]
[White "tony143"]
[Black "volga1"]
[Result "0-1"]
[WhiteElo "1443"]
[BlackElo "1564"]

1. e4 g6 2. Qf3 Bg7 3. Bc4 e6 4. Nh3 Ne7 5. O-O d6 6. Ng5 O-O 7. c3 h6 8. h4
hxg5 9. hxg5 d5 10. exd5 exd5 11. Bb5 a6 12. Ba4 b5 13. Bd1 Bb7 14. d4 Nf5 15.
g4 Nxd4 16. cxd4 Nc6 17. Be3 Nxd4 18. Qf4 Ne6 19. Qf3 Qc8 20. Bb3 Bxb2 21. Nc3
Bxa1 22. Rxa1 d4 23. Qh3 dxe3 24. fxe3 Nxg5 25. Qh4 Nf3+ 26. Kf2 Nxh4 27. a4
Qxg4 28. axb5 Qf3+ 29. Ke1 Qh1+ 30. Ke2 Qxa1 31. bxa6 Bf3+ 32. Kd2 Rfd8+ 33. Bd5
Bxd5 34. Nxd5 Rxd5+ 35. Ke2 Qd1+ 36. Kf2 Rd2+ 37. Kg3 Qf3+ 38. Kxh4 Rh2+ 0-1

[Event "AUTO-INT-1857"]
[Site "http://www.queenalice.com/game.php?id=852366"]
[Date "2010.10.30"]
[Round "1"]
[White "patropi"]
[Black "tony143"]
[Result "1-0"]
[WhiteElo "1434"]
[BlackElo "1399"]

1. e4 e5 2. c4 Qf6 3. Nf3 Nh6 4. a3 Bc5 5. b4 Bd4 6. Nxd4 Ng4 7. Qxg4 exd4 8. c5
O-O 9. Bb2 c6 10. Bc4 b5 11. Bb3 d6 12. Qh5 Nd7 13. O-O dxc5 14. Bc2 Ne5 15.
bxc5 Bg4 16. Qxg4 Nxg4 17. f3 Nh6 18. a4 b4 19. d3 a5 20. Nd2 1-0